000 00294nam a2200109Ia 4500
008 171211s9999 xx 000 0 und d
020 _a9780857112651
100 _aPreston, Claire L.
245 _aStockley's Drug Interactions 2016
260 _bPharmaceutical Press
_c2016
300 _a711 pages
999 _c350814
_d350814